| 000 | 00522nam a2200181Ia 4500 | ||
|---|---|---|---|
| 005 | 20250923144542.0 | ||
| 008 | 008 250917s9999 xx 000 0 eng d | ||
| 037 | _aTextual | ||
| 040 |
_aDSWL _beng _cDSWL |
||
| 041 |
_aeng _2eng |
||
| 084 | _qDSWL | ||
| 100 |
_aO'Grady, J _9826024 |
||
| 245 | 0 |
_aCatholic charities in the United states _cby J O'Grady |
|
| 260 |
_aWashington _bNational Conference of Catholic Charities _c1930 |
||
| 300 | _axxvi,475p. | ||
| 942 | _cTEXL | ||
| 999 |
_c1440396 _d1440396 |
||